Elusive solution to monumental decay (Record no. 10413)

MARC details
000 -LEADER
fixed length control field 01148cab a2200265 4500
001 - CONTROL NUMBER
control field ABS39301
008 - FIXED-LENGTH DATA ELEMENTS--GENERAL INFORMATION
fixed length control field 090401t1988 xxu||||| |||| 00| 0 eng d
035 ## - SYSTEM CONTROL NUMBER
System control number (Sirsi) u15823
041 ## - LANGUAGE CODE
Language code of text/sound track or separate title eng
100 ## - MAIN ENTRY--PERSONAL NAME
Personal name Smith, B.
245 ## - TITLE STATEMENT
Title Elusive solution to monumental decay
260 ## - PUBLICATION, DISTRIBUTION, ETC.
Date of publication, distribution, etc. 1988
350 ## - PRICE (NR) (BK AM CF MU VM SE) [OBSOLETE]
Price 0
490 ## - SERIES STATEMENT
Series statement New Scientist
Volume/sequential designation 118(1615) 2 June 1988, 49-53(5)
520 ## - SUMMARY, ETC.
Summary, etc. Examines the problem of stone decay in buildings describing research into the reasons for erosion such as air pollution , acid rain , acid deposition and salt weathering. Reviews the work of the Laboratorio Scientifico della Misericordia in Venice , where investigations are providing answers to the problems of pollution and where diverse cleaning methods are being developed. The findings of the UK`s Building Effects Review Group and of the USA`s National Acid Precipitation Assessment Program are noted.
650 ## - SUBJECT ADDED ENTRY--TOPICAL TERM
Topical term or geographic name entry element CLAY
650 ## - SUBJECT ADDED ENTRY--TOPICAL TERM
Topical term or geographic name entry element LIMESTONE
650 ## - SUBJECT ADDED ENTRY--TOPICAL TERM
Topical term or geographic name entry element MARBLE
650 ## - SUBJECT ADDED ENTRY--TOPICAL TERM
Topical term or geographic name entry element SANDSTONE
690 ## - LOCAL SUBJECT ADDED ENTRY--TOPICAL TERM (OCLC, RLIN)
Topical term or geographic name as entry element BUILDING AND CONSTRUCTION-REPAIRS AND MAINTENANCE
700 ## - ADDED ENTRY--PERSONAL NAME
Personal name Whalley, B.
700 ## - ADDED ENTRY--PERSONAL NAME
Personal name Fassina, V.
942 ## - ADDED ENTRY ELEMENTS (KOHA)
Suppress in OPAC 0
948 ## - LOCAL PROCESSING INFORMATION (OCLC); SERIES PART DESIGNATOR (RLIN)
c (OCLC) 04/03/1997
Holdings
Withdrawn status Lost status Source of classification or shelving scheme Damaged status Not for loan Home library Current library Shelving location Date acquired Total Checkouts Full call number Barcode Date last seen Copy number Price effective from Koha item type
    Dewey Decimal Classification     London London Journal article 14/09/1999   ABS39301 15823-1001 06/08/2019 1 06/08/2019 Journal article